000 01217nac a22002651u 4500
010 _a99057440
020 _a0471358983 (pbk. : alk. paper)
082 0 0 _a690
_bC5397
090 _c1505
_d1505
100 _aChing, Frank,
245 1 0 _aBuilding construction illustrated /
_cFrancis D.K. Ching and Cassandra Adams.
250 _a3rd ed.
260 _aNew York :
_bWiley,
_c2001.
300 _a1 v. (various pagings) :
_bill. ;
_c28 cm.
504 _aIncludes bibliographical references and index.
650 0 _aBuilding.
650 0 _aHouse construction.
700 1 _aAdams, Cassandra.
856 4 2 _3Contributor biographical information
_uhttp://www.loc.gov/catdir/bios/wiley046/99057440.html
856 4 2 _3Publisher description
_uhttp://www.loc.gov/catdir/description/wiley0310/99057440.html
856 4 2 _3Table of Contents
_uhttp://www.loc.gov/catdir/toc/onix06/99057440.html
942 _cTB
_k690C5397
999 _c1505
_d1505